Manual de derecho administrativo /
Guardado en:
| Autor Principal: | |
|---|---|
| Formato: | Libro |
| Idioma: | Spanish |
| Publicado: |
Ciudad Autónoma de Buenos Aires :
La Ley,
2018
|
| Edición: | 4a. ed. act. y amp. |
| Materias: | |
| Etiquetas: |
Agregar Etiqueta
Sin Etiquetas, Sea el primero en etiquetar este registro!
|
| LEADER | 00488nam a22001575a 4500 | ||
|---|---|---|---|
| 001 | DER.der013636 | ||
| 008 | 180615s2018####ag#||||||||||||||#||spa|| | ||
| 005 | 20241106104507.0 | ||
| 245 | 1 | 0 | |a Manual de derecho administrativo / |c Carlos F. Balbin. |
| 250 | |a 4a. ed. act. y amp. | ||
| 260 | |a Ciudad Autónoma de Buenos Aires : |b La Ley, |c 2018 | ||
| 300 | |a 872 p. | ||
| 020 | |a 9789870334859 | ||
| 100 | 1 | |a Balbin, Carlos F. | |
| 650 | 7 | |a DERECHO ADMINISTRATIVO | |
| 859 | |a DERECHO |b BIB. DERECHO |h 342 |i BAL |p 008676 | ||
